Bienvenue à la Médiathèque de Saint-Andiol
banniere
Accueil Recherche avancée Mon compte
handi1 Rechercher dans le catalogue

Filtre   Mots-clés
  Recherche avancée
 
Lister les dernières nouveautés
 
Lister les livres GROS CARACTERES
 
Lister les périodiques (magazines)

handi1 Histoire (L') [ 542 ]

Book Cover
Titre : Histoire (L') [ 542 ]
Support : Livres
Langue : Francais
Publié : 2023 Société d'Editions Scientifiques Paris
Genre : Revues et magazines
Sujets :
Étiquettes :
Pas de tags
LEADER 00703nas0a2200217 450
001 16868176
011 |b Br.  |d 6,9 € 
100 |a 20260331d2023 u u0frey01 ba 
101 1 |a fre  |c fre 
102 |a FR 
110 0 |a afu 0uu0 
200 0 |a Histoire (L') [ 542 ]  |f Stéphane Khémis 
207 1 |a  542 
210 |a Paris  |b 74 Ave du Maine  |c Société d'Editions Scientifiques  |d 2023 
215 |a 98 p.  |c couv. et ill. coul.  |d 28 cm 
464 |a Grèves de 1936 : la main de Moscou 
464 |a 1776 : la révolution américaine 
676 |a 070.17 
900 |a Revues et magazines 
901 |a Adultes 
995 |a Médiathèque  |c Médiathèque  |f 089021817  |h 089021817  |k 070.17 HIS 542  |o p  |q a  |r az  |e Médiathèque